书目信息 |
| 题名: |
注册咨询工程师(投资)执业资格考试试卷试题点评
|
|
| 作者: | 赵国杰 , 王雪青 主编 | |
| 分册: | ||
| 出版信息: | 天津 天津大学出版社 2005.12 |
|
| 页数: | 217页 | |
| 开本: | 26cm | |
| 丛书名: | ||
| 单 册: | ||
| 中图分类: | F830.59-44 | |
| 科图分类: | ||
| 主题词: | 投资--tou zi--咨询服务--考核--解题 | |
| 电子资源: | ||
| ISBN: | 7-5618-2223-5 | |
| 000 | 00929nam0 2200229 450 | |
| 001 | 012006678614 | |
| 005 | 20060411161840.01 | |
| 010 | @a7-5618-2223-5@dCNY35.00 | |
| 100 | @a20060411d2005 km y0chiy0120 ea | |
| 101 | 0 | @achi |
| 102 | @aCN@b120000 | |
| 105 | @aa q 000yy | |
| 200 | 1 | @a注册咨询工程师(投资)执业资格考试试卷试题点评@Azhu ce zi xun gong cheng shi(tou zi)zhi ye zi ge kao shi shi juan shi ti dian ping@f赵国杰, 王雪青主编@Fzhao guo jie,wang xue qing zhu bian |
| 210 | @a天津@c天津大学出版社@d2005.12 | |
| 215 | @a217页@c图@d26cm | |
| 330 | @a本书共包括《工程咨询概论》试题点评、《宏观经济政策与发展规划》试题点评、《工程项目组织与管理》试题点评、《项目决策分析与评价》试题点评等。 | |
| 606 | 0 | @a投资@Atou zi@x咨询服务@x考核@j解题 |
| 690 | @aF830.59-44@v4 | |
| 701 | 0 | @a赵国杰@Azhao guo jie@4主编 |
| 701 | 0 | @a王雪青@Awang xue qing@4主编 |
| 801 | 0 | @aCN@bQSSK@c20060411 |
| 905 | @a10447@dF830.59-44@eZ302 | |
| 注册咨询工程师(投资)执业资格考试试卷试题点评/赵国杰, 王雪青主编.-天津:天津大学出版社,2005.12 |
| 217页:图;26cm |
| ISBN 7-5618-2223-5:CNY35.00 |
| 本书共包括《工程咨询概论》试题点评、《宏观经济政策与发展规划》试题点评、《工程项目组织与管理》试题点评、《项目决策分析与评价》试题点评等。 |
| ● |
| 相关链接 |
|
|
|
正题名:注册咨询工程师(投资)执业资格考试试卷试题
索取号:F830.59-44/Z302
 
预约/预借
| 序号 | 登录号 | 条形码 | 馆藏地/架位号 | 状态 | 备注 |
| 1 | 557652 | 205576526 | 社科库409/409社科库 52排2列4层/ [索取号:F830.59-44/Z302] | 在馆 | |
| 2 | 557653 | 205576535 | 社科二线422/422社科库 33排2列5层/ [索取号:F830.59-44/Z302] | 在馆 | |
| 3 | 557654 | 205576544 | 社科库409/409社科库 52排2列4层/ [索取号:F830.59-44/Z302] | 在馆 |